Normal view
MARC view
Entry Personal Name
001 - CONTROL NUMBER
- control field: 31591
003 - CONTROL NUMBER IDENTIFIER
- control field: OSt
005 - DATE AND TIME OF LATEST TRANSACTION
- control field: 20160112181514.0
008 - FIXED-LENGTH DATA ELEMENTS
- fixed length control field: 160112|| aca||aabn | a|a d
040 ## - CATALOGING SOURCE
- Original cataloging agency: OSt
- Transcribing agency: OSt
100 ## - HEADING--PERSONAL NAME
- Personal name: सम्पादक मण्डल प्रतियोगिता दर्पण
670 ## - SOURCE DATA FOUND
- Source citation: Work cat.: (OSt): सम्पादक मण्डल प्रतियोगिता दर्पण , रेलवे भर्ती बोर्ड सम्मिलित प्रारम्भिक परीक्षा









